| 000 | 00752nam a22002297a 4500 | ||
|---|---|---|---|
| 999 |
_c2375 _d2375 |
||
| 003 | AR-CdUCM | ||
| 008 | 190304b ||||| |||| 00| 0 spa d | ||
| 040 |
_aMUNICIPALIDAD PROVINCIAL DEL CUSCO _cBIBLIOTECA MUNICIPAL DEL CUSCO |
||
| 082 |
_24ed. _a3547.51 / _bH17 |
||
| 100 |
_aHalperin, Isaac _95289 |
||
| 245 | _aSociedades de Responsabilidad Limitada / | ||
| 260 |
_aBuenos Aires : _bRoque Depalma ; _c1960. |
||
| 300 |
_a332 páginas _c23cm |
||
| 505 | _aContenido: Naturaleza -- Definición -- Designación --Capacidad, Número de Socios... | ||
| 650 |
_aCapital _95056 |
||
| 650 |
_aSuscripción _98535 |
||
| 650 |
_aIntegración _95706 |
||
| 650 |
_aCuotas _98536 |
||
| 650 |
_aPrestaciones _98537 |
||
| 942 |
_2ddc _cLIBROS |
||
| 945 | _anom | ||